000 00602nam a22002172 4500
001 0000003777
005 20151217151933.0
008 070515s xx 000 0 eng d
020 _a0470844167 :
_cGBP 30.00
040 _aKABU
_cKABU
050 0 _aQC451
_b.H65 2004
100 1 _aHollas, J. Michael.
_@0000153919
245 1 0 _aModern Spectroscopy.
250 _a4th ed.
260 _aChichester, England :
_bJ. Wiley,
_c2004.
300 _axxvii, 452 p.
650 0 _aSpectrum analysis.
_@0000153917
908 _a070515
950 _@1
999 _c6517
_d6517